000 00295nam a22001337a 4500
008 170731b xxu||||| |||| 00| 0 eng d
020 _a206106
041 _aeng
080 _a004
100 _a32
101 _aSHKI
245 _aDATA BASE MANAGEMENT SYSTEMS
_cCARDENAS, A.F
942 _2udc
_cBK
999 _c22298
_d22298